Stromy

Bibliographic Details
Main Authors: Bone, Emily (Author), Cowan, Laura (Author)
Other Authors: Madarásová, Jitka (Translator), Wazza Pink (Illustrator)
Format: Book
Language:Slovak
English
PhysicalDescription:16 nečíslovaných strán farebné ilustrácie 28 cm
Published: Bratislava Svojtka & Co., s.r.o. 2022
ISBN:9788056708606
Edition:Prvé slovenské vydanie
Series:Kuk pod okienko
Subjects:

MARC

LEADER 00000nam a2200000 4500
001 vtls012154830
003 SK-MaSNL
005 20260301105427.0
008 221124s2022 xo a a 000 0 slo
015 |a SNBA2023/01 
020 |a 9788056708606  |q (viazané) 
040 |a SNK  |b slo  |c SNK  |e rda 
041 1 |a slo  |h eng 
044 |a xo  |c SK 
072 7 |a 58  |x Botanika  |2 konspekt 
072 7 |a 0/9-053.2  |x Literatúra pre deti a mládež (náučná)  |2 konspekt 
080 |a 582.091  |2 2011 
080 |a (0.025.2)  |2 2011 
080 |a (0.053.2)  |2 2011 
100 1 |a Bone, Emily  |4 aut  |9 353076 
240 1 0 |a Lift-the-flap - Trees  |l Slovensky 
245 1 0 |a Stromy  |c Emily Bone, Laura Cowan ; ilustrovala Wazza Pink ; grafická úprava: Helen Edmonds a Emily Barden ; preklad Jitka Madarásová 
250 |a Prvé slovenské vydanie 
264 1 |a Bratislava  |b Svojtka & Co., s.r.o.  |c 2022 
300 |a 16 nečíslovaných strán  |b farebné ilustrácie  |c 28 cm 
336 |a text  |b txt  |2 rdacontent 
336 |a statický obraz  |b sti  |2 rdacontent 
337 |a bez média  |b n  |2 rdamedia 
338 |a zväzok  |b nc  |2 rdacarrier 
490 1 |a Kuk pod okienko 
500 |a Kartónové listy s odklápacími okienkami 
500 |a Preložené z angličtiny 
650 0 7 |a stromy  |2 SNKPH  |9 16185 
650 0 7 |a Trees  |2 SNKPHeng  |9 312052 
655 7 |a leporelá  |2 SNKPH  |9 60414 
655 7 |a publikácie pre deti  |2 SNKPH  |9 70148 
655 7 |a Picture books for children  |2 SNKPHeng  |9 277438 
655 7 |a Publications for children  |2 SNKPHeng  |9 276792 
700 1 |a Barden, Emily  |4 bkd  |9 436944 
700 1 |a Madarásová, Jitka  |4 trl  |9 207448 
700 1 |a Cowan, Laura  |4 aut  |9 445708 
700 0 |a Wazza Pink  |4 ill  |9 445709 
700 1 |a Edmonds, Helen  |4 bkd  |9 358091 
830 0 |a Kuk pod okienko  |9 365174 
919 |a 978-80-567-0860-6 
954 |a ilustrované knihy, leporelá, komiksy cudzojazyčné (svetové)  |2 lita 
958 |a DB 
968 |b ENG 
999 |c 700830  |d 702760 
952 |a SNK  |b SNK  |y PREZ  |7 0  |p 17A1515615  |o snkOSB 20827  |i snk2022/17594  |8 0  |0 0  |1 0  |4 0  |d 2022-11-24  |l 0  |r 2026-02-23 20:56:36  |w 2026-02-23 
952 |a SNK  |b SNK  |y PREZ  |7 0  |p 17A1515616  |o snkOSB 20827 D1  |i snk2022/17595  |8 0  |0 0  |1 0  |4 0  |d 2022-11-24  |l 0  |r 2026-02-23 20:56:36  |w 2026-02-23